000 00399nam a22001697a 4500
005 20160518111248.0
008 160518b xxu||||| |||| 00| 0 eng d
020 _a81-85989-96-6
041 _aeng
082 _b2818
100 _aSinha K.K.
_9450
245 _aBusiness Communication
260 _aNew Delhi
_bGalgotia Publ. Pvt. Ltd.
300 _a271
650 _aManagement
_9241
942 _cBK
999 _c997
_d997